Cyclisme : Cyclistes Belges en WT et ProTeam saison 2023 - Statistiques

Statistiques générales
  • Ce quiz a été pris 45 fois
  • Le résultat moyen est 39 sur 118
Statistiques - réponses
Hint Réponse % Correct
Jumbo-Visma Wout VAN AERT
97%
Lotto Dstny Arnaud DE LIE
92%
Alpecin-Deceuninck Jasper PHILIPSEN
92%
AG2R Citroën Team Lawrence NAESEN
86%
AG2R Citroën Team Oliver NAESEN
86%
Soudal - Quick Step Yves LAMPAERT
78%
Soudal - Quick Step Remco EVENEPOEL
75%
Jumbo-Visma Tiesj BENOOT
75%
Jumbo-Visma Nathan VAN HOOYDONCK
69%
Soudal - Quick Step Tim DECLERCQ
69%
UAE Team Emirates Tim WELLENS
69%
AG2R Citroën Team Greg VAN AVERMAET
67%
Soudal - Quick Step Ilan VAN WILDER
67%
Lotto Dstny Brent VAN MOER
64%
BORA - hansgrohe Jordi MEEUS
64%
Intermarché - Circus - Wanty Aimé DE GENDT
61%
Israel - Premier Tech Dylan TEUNS
61%
Lotto Dstny Thomas DE GENDT
61%
Alpecin-Deceuninck Dries DE BONDT
58%
AG2R Citroën Team Stan DEWULF
58%
Soudal - Quick Step Tim MERLIER
58%
Lidl - Trek Jasper STUYVEN
56%
INEOS Grenadiers Laurens DE PLUS
56%
Lidl - Trek Edward THEUNS
53%
TotalEnergies Steff CRAS
53%
Team Arkéa Samsic Amaury CAPIOT
50%
Intermarché - Circus - Wanty Gerben THIJSSEN
50%
Soudal - Quick Step Mauri VANSEVENANT
50%
Lotto Dstny Florian VERMEERSCH
47%
Alpecin-Deceuninck Gianni VERMEERSCH
47%
Lotto Dstny Jasper DE BUYST
47%
Lotto Dstny Maxim VAN GILS
47%
Lotto Dstny Frederik FRISON
44%
Intermarché - Circus - Wanty Laurenz REX
44%
Lotto Dstny Victor CAMPENAERTS
44%
Team Arkéa Samsic Jenthe BIERMANS
42%
Alpecin-Deceuninck Xandro MEURISSE
42%
BORA - hansgrohe Cian UIJTDEBROEKS
39%
Soudal - Quick Step Dries DEVENYNS
39%
EF Education-EasyPost Jens KEUKELEIRE
39%
Alpecin-Deceuninck Jonas RICKAERT
39%
Intermarché - Circus - Wanty Kobe GOOSSENS
39%
Soudal - Quick Step Louis VERVAEKE
39%
Cofidis Piet ALLEGAERT
39%
Intermarché - Circus - Wanty Baptiste PLANCKAERT
36%
Alpecin-Deceuninck Edward PLANCKAERT
36%
Lotto Dstny Lennert VAN EETVELT
36%
Intermarché - Circus - Wanty Rune HERREGODTS
36%
Israel - Premier Tech Sep VANMARCKE
36%
Jumbo-Visma Tosh VAN DER SANDE
36%
TotalEnergies Dries VAN GESTEL
33%
Human Powered Health Gijs VAN HOECKE
33%
Cofidis Jelle WALLAYS
33%
Intermarché - Circus - Wanty Laurens HUYS
33%
Alpecin-Deceuninck Robbe GHYS
33%
Intermarché - Circus - Wanty Tom PAQUOT
33%
Intermarché - Circus - Wanty Arne MARIT
31%
Israel - Premier Tech Ben HERMANS
31%
Alpecin-Deceuninck Lionel TAMINIAUX
31%
Alpecin-Deceuninck Quinten HERMANS
31%
Alpecin-Deceuninck Jimmy JANSSENS
28%
Q36.5 Pro Cycling Team Tom DEVRIENDT
28%
Lotto Dstny Cedric BEULLENS
25%
Bingoal WB Guillaume VAN KEIRSBULCK
25%
Team Flanders - Baloise Milan FRETIN
25%
Soudal - Quick Step Stan VAN TRICHT
25%
Israel - Premier Tech Tom VAN ASBROECK
25%
Lotto Dstny | Team dsm - firmenich Harm VANHOUCKE
22%
Lotto Dstny Milan MENTEN
22%
Team Flanders - Baloise Vito BRAET
22%
Team Flanders - Baloise Alex COLMAN
19%
Soudal - Quick Step Bert VAN LERBERGHE
19%
Team Flanders - Baloise Jenno BERCKMOES
19%
Bingoal WB Kenneth VAN ROOY
19%
Intermarché - Circus - Wanty Loïc VLIEGEN
19%
Bingoal WB Luca VAN BOVEN
19%
Soudal - Quick Step Pieter SERRY
19%
Human Powered Health Sasha WEEMAES
19%
Team Flanders - Baloise Aaron VAN POUCKE
17%
Team Flanders - Baloise Arno CLAEYS
17%
Bingoal WB Ceriel DESAL
17%
Alpecin-Deceuninck Fabio VAN DEN BOSSCHE
17%
Bingoal WB Floris DE TIER
17%
Team Flanders - Baloise Jules HESTERS
17%
Team Flanders - Baloise Kamiel BONNEU
17%
Team Flanders - Baloise Sander DE PESTEL
17%
Lotto Dstny Sylvain MONIQUET
17%
Lidl - Trek Thibau NYS
17%
Team Flanders - Baloise Vincent VAN HEMELEN
17%
Intermarché - Circus - Wanty Dries DE POOTER
14%
Team Flanders - Baloise Elias MARIS
14%
Lotto Dstny Jarne VAN DE PAAR
14%
Bingoal WB Lennert TEUGELS
14%
Lotto Dstny Arjen LIVYNS
11%
Bingoal WB Louis BLOUWE
11%
Bingoal WB Ludovic ROBEET
11%
Team Flanders - Baloise Noah VANDENBRANDEN
11%
Lotto Dstny Sébastien GRIGNARD
11%
Alpecin-Deceuninck Senne LEYSEN
11%
Team Flanders - Baloise Toon CLYNHENS
11%
Lotto Dstny Alec SEGAERT
8%
Israel - Premier Tech Jens REYNDERS
8%
Team Flanders - Baloise Lindsay DE VYLDER
8%
Team Flanders - Baloise Ruben APERS
8%
Team Flanders - Baloise Tuur DENS
8%
Team Flanders - Baloise Ward VANHOOF
8%
Bingoal WB Aaron VAN DER BEKEN
6%
Team Flanders - Baloise Aaron VERWILST
6%
Team dsm - firmenich Henri VANDENABEELE
6%
Bingoal WB Johan MEENS
6%
Lidl - Trek Otto VERGAERDE
6%
Team Flanders - Baloise Gilles DE WILDE
3%
Bingoal WB Dimitri PEYSKENS
0%
Bingoal WB Dorian DE MAEGHT
0%
Bingoal WB Julian MERTENS
0%
Bingoal WB Rémy MERTZ
0%
Team Flanders - Baloise Vince GERITS
0%
Aucun quiz correspondant
Distribution des résultats
% des personnes avec chaque résultat
Percentile par nombre de réponses
Votre historique - résultats
Vous n’avez pas pris ce quiz